000 00530nam a22001817a 4500
005 20251108164810.0
008 250721s9999 xx 000 0 ara d
082 1 4 _a842.914/سار
100 1 _aسارتر، جان بول
245 1 0 _aالفوضى و العبقريه /
246 1 1 _aKean
264 1 _aبيروت :
_bدار مكتبة الحياه،
_c[19-].
300 _a207ص.
650 1 7 _aالمسرحيات الفرنسية
700 1 _aطرابيشي، جورج
_eترجمة
942 _2ddc
_cBK
999 _c14622
_d14622